Normal view
MARC view
Entry Personal Name
001 - CONTROL NUMBER
- control field: 1237046
003 - CONTROL NUMBER IDENTIFIER
- control field: OSt
005 - DATE AND TIME OF LATEST TRANSACTION
- control field: 20260430150304.0
008 - FIXED-LENGTH DATA ELEMENTS
- fixed length control field: 260430|| aca||aabn | a|a d
040 ## - CATALOGING SOURCE
- Original cataloging agency: OSt
- Transcribing agency: OSt
100 ## - HEADING--PERSONAL NAME
- Personal name: University of Delhi. Faculty of Arts. Deptt.of Library and Information Science
670 ## - SOURCE DATA FOUND
- Source citation: Work cat.: (OSt)1849428: Rana Jyoti Au.; Bhatt R.K. Gu. 1237045, Indian Contribution in Immunology and Mictobiology 2012-2017: A Scientometric Study, 2023
